Every EToH Difficulty - Statistics

General Stats
  • This quiz has been taken 30 times
    20 since last reset
  • The average score is 23 of 40
Answer Stats
Hint Answer % Correct
Canon Catastrophic
100%
Canon Difficult
100%
Canon Easy
100%
Canon Extreme
100%
Canon Hard
100%
Non-Canon Horrific
100%
Canon Intense
100%
Non-Canon Unreal
100%
Canon Challenging
94%
Canon Insane
94%
Canon Medium
94%
Removed nil
94%
Canon Remorseless
94%
Canon Terrifying
94%
Removed TooHard
94%
Removed Effortless
88%
Placeholder Difficulty Gingerbread
75%
Terrifying's Old Name GODSPEED
69%
Removed Thanos
56%
Challenging's Old Name Super Hard
44%
Difficult's Old Name Very Hard
44%
TooHard's Old Name WHY
44%
Remorseless's Old Name Eggplant
38%
April Fools 2020 Difficulty Epic
38%
April Fools 2025 Difficulty Eschaton
38%
Remorseless's Old Name Impossible
38%
Co-op Towers Difficulty korn
38%
Intense's Old Name good luck buddy
31%
The Forgotten Difficulty Crazy
25%
April Fools 2021 Difficulty OooOOOoOOOOooo above catastrophic difficulty OoOOooOOoo
25%
nil's Old Name DEATH
19%
The Stronghold Difficulty Epinephrine
19%
The Stronghold Difficulty gui remorseless
19%
TooHard's Old Name literally gay
19%
The Stronghold Difficulty MSD speedy
19%
The Stronghold Difficulty OVERKILL
19%
Only Used For ToHM Allahmario
13%
Only Used For toal EVIL
13%
Catastrophic's Old Name Never Again
13%
April Fools 2024 Difficulty Sisyphean
13%
No matching quizzes found
Score Distribution
Percent of People with Each Score
Percentile by Number Answered
Your Score History
You have not taken this quiz since the last reset